| 000 | 00695nam a2200265Ia 4500 | ||
|---|---|---|---|
| 005 | 20260121171033.0 | ||
| 008 | 008 260114s9999 xx 000 0 eng d | ||
| 020 | _a9783030051501 | ||
| 037 | _aEBOOK | ||
| 040 | _aCRL | ||
| 040 | _beng | ||
| 040 | _cCRL | ||
| 041 | _2eng | ||
| 041 | _aeng | ||
| 084 | _qCRL | ||
| 100 |
_aAlexander P. Lisitsyn, Viacheslav V. Gordeev _91071240 |
||
| 245 | 0 | _aBiogeochemistry of the Atmosphere, Ice and Water of the White Sea | |
| 260 | _bSpringer | ||
| 260 | _bSpringer | ||
| 260 | _c2018 | ||
| 856 | _uhttps://link.springer.com/openurl?genre=book&isbn=978-3-030-05150-1 | ||
| 942 | _cEBOOK | ||
| 999 |
_c1636970 _d1636970 |
||